[Event "Madrid ch Veteranos  2019-2020"]
[Site "Maddrid ESP"]
[Date "2020.01.15"]
[Round "3.23"]
[White "Lozano Sanchez, Jose Antonio"]
[Black "Villodre Miranda, Juan Alonso"]
[Result "1-0"]
[WhiteElo "1812"]
[BlackElo "1567"]
[PlyCount "31"]
[EventDate "2020.01.13"]
[EventType "swiss"]
[EventRounds "9"]
[EventCountry "ESP"]
[SourceTitle "Ajedrez en Madrid"]
[Source "lmi"]
[SourceDate "2020.01.13"]
[SourceVersion "1"]
[SourceVersionDate "2020.01.27"]
[SourceQuality "1"]

1. e4 e5 2. Nf3 d6 3. Bc4 c5 4. Nc3 g6 5. d3 h6 6. a3 Nc6 7. O-O Bg7 8. Be3
Nge7 9. Qd2 f5 10. exf5 Nxf5 11. Rae1 d5 12. Nxd5 Ncd4 13. Bxd4 Nxd4 14. Nxe5
O-O 15. Nxg6 Bf6 16. Nxf6+ 1-0

[Event "Madrid ch Veteranos  2019-2020"]
[Site "Maddrid ESP"]
[Date "2020.01.15"]
[Round "3.24"]
[White "Nevado Muñoz, Rafael"]
[Black "Minguela Muñoz, Bienvenido"]
[Result "1-0"]
[WhiteElo "1467"]
[BlackElo "1808"]
[PlyCount "89"]
[EventDate "2020.01.13"]
[EventType "swiss"]
[EventRounds "9"]
[EventCountry "ESP"]
[SourceTitle "Ajedrez en Madrid"]
[Source "lmi"]
[SourceDate "2020.01.13"]
[SourceVersion "1"]
[SourceVersionDate "2020.01.27"]
[SourceQuality "1"]

1. e4 c5 2. Nf3 Nc6 3. d4 cxd4 4. Nxd4 Nf6 5. Nc3 Qb6 6. Nb3 e6 7. Be3 Qc7 8.
a3 a6 9. Qd2 Ng4 10. Be2 Nxe3 11. Qxe3 b5 12. O-O Bd6 13. f4 Na5 14. Kh1 Nxb3
15. cxb3 Bb7 16. Bd3 O-O 17. Rac1 Qd8 18. e5 Be7 19. Be4 Bxe4 20. Nxe4 Rc8 21.
Rxc8 Qxc8 22. Rc1 Qb7 23. b4 Rc8 24. Rxc8+ Qxc8 25. Qc3 Qc4 26. Qxc4 bxc4 27.
Kg1 f5 28. Nd2 d5 29. exd6 Bxd6 30. g3 Kf7 31. Kf2 g5 32. Nxc4 Bc7 33. Kf3 g4+
34. Ke2 h5 35. Kd3 h4 36. a4 h3 37. b5 axb5 38. axb5 Bxf4 39. gxf4 g3 40. Ne5+
Ke7 41. Nf3 g2 42. Ng1 Kd6 43. b6 Kc6 44. Kd4 Kxb6 45. Ke5 1-0

[Event "Madrid ch Veteranos  2019-2020"]
[Site "Maddrid ESP"]
[Date "2020.01.15"]
[Round "3.26"]
[White "Infante Martin, Alonso"]
[Black "Chidichimo, Pedro Jose Maria"]
[Result "0-1"]
[WhiteElo "1362"]
[BlackElo "1802"]
[PlyCount "54"]
[EventDate "2020.01.13"]
[EventType "swiss"]
[EventRounds "9"]
[EventCountry "ESP"]
[SourceTitle "Ajedrez en Madrid"]
[Source "lmi"]
[SourceDate "2020.01.13"]
[SourceVersion "1"]
[SourceVersionDate "2020.01.27"]
[SourceQuality "1"]

1. d4 d5 2. c4 e6 3. Nf3 a6 4. Nc3 dxc4 5. a4 Bb4 6. Ne5 c5 7. e3 cxd4 8. exd4
Nf6 9. Be3 O-O 10. Bxc4 Qa5 11. Qc2 Nbd7 12. O-O Nxe5 13. dxe5 Qxe5 14. Rad1
Ng4 15. g3 Nxe3 16. fxe3 Qxe3+ 17. Rf2 Bxc3 18. bxc3 Qc5 19. Bd3 g6 20. Kf1 e5
21. h4 Bh3+ 22. Kg1 Rac8 23. c4 Rfd8 24. Kh2 Be6 25. Rc1 Rxd3 26. Kg2 Qe3 27.
Kg1 Rxc4 0-1

[Event "Madrid ch Veteranos  2019-2020"]
[Site "Maddrid ESP"]
[Date "2020.01.15"]
[Round "3.27"]
[White "Martin Rodriguez, Emilio"]
[Black "Becerra Baigorri, Jose"]
[Result "1-0"]
[WhiteElo "2026"]
[BlackElo "1633"]
[PlyCount "101"]
[EventDate "2020.01.13"]
[EventType "swiss"]
[EventRounds "9"]
[EventCountry "ESP"]
[SourceTitle "Ajedrez en Madrid"]
[Source "lmi"]
[SourceDate "2020.01.13"]
[SourceVersion "1"]
[SourceVersionDate "2020.01.27"]
[SourceQuality "1"]

1. d4 d5 2. Nf3 Nf6 3. Bf4 e6 4. e3 c5 5. Nbd2 Nc6 6. Bb5 Bd7 7. O-O a6 8. Bxc6
Bxc6 9. a4 Be7 10. Ne5 Rc8 11. c3 O-O 12. Qb3 cxd4 13. exd4 Nh5 14. Be3 Qc7 15.
f4 f5 16. Rf3 Be8 17. Rh3 Bd6 18. Ndf3 Bxe5 19. dxe5 h6 20. Nd4 Qd7 21. Qd1 g6
22. g4 fxg4 23. Qxg4 Kh8 24. Kh1 Bf7 25. Rg1 Rg8 26. a5 Rce8 27. Qd1 Qc7 28.
Qa4 Re7 29. Ne2 Qc4 30. Qxc4 dxc4 31. Rd1 Kh7 32. Rd6 Ng7 33. Bb6 Nf5 34. Rd2
Be8 35. Ng3 Nxg3+ 36. hxg3 Bc6+ 37. Kg1 Rd7 38. Bd4 Bf3 39. Kf2 Bg4 40. Rh4 h5
41. Ke3 Kg7 42. Rhh2 Kf7 43. Bb6 Rd5 44. Rd4 Rc8 45. Rhd2 Rxd4 46. Rxd4 Ke7 47.
Rd2 Bf5 48. Rg2 Kd7 49. Rd2+ Ke8 50. Rd6 Ke7 51. Kd4 1-0

[Event "Madrid ch Veteranos  2019-2020"]
[Site "Maddrid ESP"]
[Date "2020.01.15"]
[Round "3.28"]
[White "Tereso Martin, Antonio"]
[Black "Navarro Corredor, Angel"]
[Result "1-0"]
[WhiteElo "1954"]
[BlackElo "1346"]
[PlyCount "81"]
[EventDate "2020.01.13"]
[EventType "swiss"]
[EventRounds "9"]
[EventCountry "ESP"]
[SourceTitle "Ajedrez en Madrid"]
[Source "lmi"]
[SourceDate "2020.01.13"]
[SourceVersion "1"]
[SourceVersionDate "2020.01.27"]
[SourceQuality "1"]

1. b3 Nf6 2. Bb2 d6 3. g3 e5 4. Bg2 Be7 5. c4 Nc6 6. Nc3 O-O 7. Nf3 Bd7 8. d4
exd4 9. Nxd4 Qe8 10. O-O Rb8 11. Rc1 Nxd4 12. Qxd4 a6 13. e4 Bc6 14. Rfe1 Qd7
15. h3 Ne8 16. f4 f6 17. Kh2 b6 18. h4 Qd8 19. Bh3 Bd7 20. Qd5+ Kh8 21. Bxd7
Qxd7 22. f5 Bd8 23. Ne2 Qf7 24. Nf4 Qd7 25. Ne6 Rf7 26. g4 Be7 27. Nxc7 Bd8 28.
Nxa6 Rb7 29. a4 Nc7 30. Nxc7 Rxc7 31. Ba3 Rc6 32. Rcd1 Bc7 33. Kh3 Re7 34. Bb2
Qe8 35. Qd3 Kg8 36. Qf3 Rc5 37. Bd4 Ra5 38. Bc3 Rc5 39. Rd3 d5 40. cxd5 Be5 41.
Bb4 1-0

[Event "Madrid ch Veteranos  2019-2020"]
[Site "Maddrid ESP"]
[Date "2020.01.15"]
[Round "3.30"]
[White "Rodriguez Bachiller, Luis"]
[Black "Tudela Garcia, Antonio"]
[Result "0-1"]
[WhiteElo "1568"]
[BlackElo "1567"]
[PlyCount "50"]
[EventDate "2020.01.13"]
[EventType "swiss"]
[EventRounds "9"]
[EventCountry "ESP"]
[SourceTitle "Ajedrez en Madrid"]
[Source "lmi"]
[SourceDate "2020.01.13"]
[SourceVersion "1"]
[SourceVersionDate "2020.01.27"]
[SourceQuality "1"]

1. e4 e5 2. Nf3 Nc6 3. Bb5 a6 4. Bxc6 dxc6 5. d4 exd4 6. Qxd4 Qxd4 7. Nxd4 Bc5
8. Be3 Nf6 9. f3 Bd7 10. Ke2 O-O-O 11. c3 h6 12. Nd2 Rhe8 13. N2b3 Bb6 14. Rad1
c5 15. Nc2 Nxe4 16. fxe4 Bg4+ 17. Kf2 Rxd1 18. Rxd1 Bxd1 19. Nca1 Rxe4 20. Nd2
Re6 21. Nc4 Ba7 22. b4 cxb4 23. Bxa7 Re2+ 24. Kf1 Rxa2 25. Bd4 Be2+ 0-1

[Event "Madrid ch Veteranos  2019-2020"]
[Site "Maddrid ESP"]
[Date "2020.01.15"]
[Round "3.31"]
[White "Yeves Miquel, Enrique"]
[Black "Navas Marin, Felix"]
[Result "1-0"]
[WhiteElo "1789"]
[BlackElo "1451"]
[PlyCount "57"]
[EventDate "2020.01.13"]
[EventType "swiss"]
[EventRounds "9"]
[EventCountry "ESP"]
[SourceTitle "Ajedrez en Madrid"]
[Source "lmi"]
[SourceDate "2020.01.13"]
[SourceVersion "1"]
[SourceVersionDate "2020.01.27"]
[SourceQuality "1"]

1. c4 Nf6 2. Nc3 c5 3. Nf3 Nc6 4. d4 cxd4 5. Nxd4 e6 6. a3 Qc7 7. e4 a6 8. Be2
Bc5 9. Be3 Qe5 10. f4 Qc7 11. e5 Ng8 12. b4 Ba7 13. Ne4 Qd8 14. Nd6+ Kf8 15.
Nxc6 bxc6 16. Bxa7 Rxa7 17. Qd4 Ra8 18. O-O Qc7 19. f5 f6 20. fxe6 dxe6 21. Qc5
Qe7 22. Qxc6 Qa7+ 23. c5 Bd7 24. Qf3 f5 25. g4 g6 26. gxf5 gxf5 27. Kf2 Ne7 28.
Qh5 Ng6 29. Qh6+ 1-0

[Event "Madrid ch Veteranos  2019-2020"]
[Site "Maddrid ESP"]
[Date "2020.01.15"]
[Round "3.32"]
[White "Prieto Gonzalez, Cesar"]
[Black "Martinez Carrasco, Jesus"]
[Result "1-0"]
[WhiteElo "1480"]
[BlackElo "1566"]
[PlyCount "103"]
[EventDate "2020.01.13"]
[EventType "swiss"]
[EventRounds "9"]
[EventCountry "ESP"]
[SourceTitle "Ajedrez en Madrid"]
[Source "lmi"]
[SourceDate "2020.01.13"]
[SourceVersion "1"]
[SourceVersionDate "2020.01.27"]
[SourceQuality "1"]

1. e4 c5 2. Nf3 d6 3. g3 Nf6 4. d3 Nc6 5. Bg2 g6 6. Nbd2 Bg7 7. O-O O-O 8. Re1
Qc7 9. c3 a6 10. a4 Bd7 11. Nf1 Rfe8 12. Ne3 e6 13. Bd2 Rac8 14. Qc2 b5 15.
axb5 axb5 16. Rec1 e5 17. b4 cxb4 18. cxb4 Qb6 19. Qb2 Be6 20. h3 Ra8 21. Nc2
Nd7 22. Ng5 Rf8 23. Be3 Qb8 24. Nxe6 fxe6 25. Qb3 Qe8 26. Rxa8 Qxa8 27. Qxe6+
Rf7 28. Qxd6 Bf8 29. Qd5 Qa6 30. Ra1 Qc8 31. Qxb5 Nf6 32. Qc4 Qe8 33. b5 Nd8
34. Bf1 Nb7 35. b6 Kg7 36. Qc3 Bd6 37. Nb4 Qf8 38. Nd5 Nxd5 39. exd5 Bc5 40.
Bxc5 Nxc5 41. Qxe5+ Kg8 42. f4 Nd7 43. Qd4 Qb8 44. Rb1 Rf6 45. b7 Rd6 46. h4
Qc7 47. Bh3 Nb6 48. Be6+ Kf8 49. Qf6+ Ke8 50. Qh8+ Ke7 51. Qg7+ Kd8 52. Qf8#
1-0

[Event "Madrid ch Veteranos  2019-2020"]
[Site "Maddrid ESP"]
[Date "2020.01.15"]
[Round "3.33"]
[White "Martinez Miura, Enrique"]
[Black "Jimenez Ascarza, Jose Ignacio"]
[Result "1/2-1/2"]
[WhiteElo "1561"]
[BlackElo "1436"]
[PlyCount "83"]
[EventDate "2020.01.13"]
[EventType "swiss"]
[EventRounds "9"]
[EventCountry "ESP"]
[SourceTitle "Ajedrez en Madrid"]
[Source "lmi"]
[SourceDate "2020.01.13"]
[SourceVersion "1"]
[SourceVersionDate "2020.01.27"]
[SourceQuality "1"]

1. e4 c5 2. c4 Nc6 3. Nc3 g6 4. g3 Bg7 5. Bg2 Nf6 6. Nge2 d6 7. O-O O-O 8. d3
Bd7 9. a3 a6 10. Rb1 Rb8 11. Bd2 b5 12. cxb5 axb5 13. b4 cxb4 14. axb4 Ng4 15.
h3 Nf6 16. Be3 Qc8 17. Kh2 e6 18. d4 d5 19. e5 Ne8 20. Qb3 Ne7 21. Rfc1 Qd8 22.
Ra1 f6 23. f4 fxe5 24. dxe5 Nf5 25. Bc5 Rf7 26. Ra7 Bc6 27. Rxf7 Kxf7 28. Ra1
Ra8 29. Ra3 Bf8 30. Qa2 Rxa3 31. Qxa3 Bxc5 32. bxc5 Qd7 33. Qb4 d4 34. Bxc6
Qxc6 35. Nxd4 Nxd4 36. Qxd4 Ke7 37. Ne4 Qa8 38. Nd6 Qa2+ 39. Kg1 Qb1+ 40. Kh2
Qc2+ 41. Kg1 Qb1+ 42. Kh2 1/2-1/2

[Event "Madrid ch Veteranos  2019-2020"]
[Site "Maddrid ESP"]
[Date "2020.01.15"]
[Round "3.35"]
[White "Santos Rodriguez, Jose"]
[Black "Abad Martin-Camuñas, Luis"]
[Result "0-1"]
[WhiteElo "1498"]
[BlackElo "1394"]
[PlyCount "78"]
[EventDate "2020.01.13"]
[EventType "swiss"]
[EventRounds "9"]
[EventCountry "ESP"]
[SourceTitle "Ajedrez en Madrid"]
[Source "lmi"]
[SourceDate "2020.01.13"]
[SourceVersion "1"]
[SourceVersionDate "2020.01.27"]
[SourceQuality "1"]

1. d4 Nf6 2. Bf4 d6 3. e3 g6 4. Nf3 Nh5 5. Bg5 f6 6. Bh4 Bg4 7. h3 Bxf3 8. Qxf3
Ng7 9. Qxb7 Nd7 10. Bb5 Nf5 11. Bg3 Nxg3 12. fxg3 Bh6 13. Qf3 O-O 14. Nc3 Rb8
15. O-O a6 16. Bxa6 Rxb2 17. Bc4+ Kh8 18. Bb3 Nb6 19. Nd1 Rxb3 20. axb3 f5 21.
Ra7 d5 22. Nc3 e6 23. Nb5 Rf7 24. Rfa1 Kg7 25. Qe2 c6 26. Rxf7+ Kxf7 27. Ra7+
Kg8 28. Na3 Bf8 29. c4 Qb8 30. Ra6 dxc4 31. bxc4 c5 32. Kf2 Qb7 33. Ra5 cxd4
34. exd4 Bb4 35. Rb5 Bxa3 36. c5 Qd7 37. Rxb6 Qxd4+ 38. Qe3 Qxe3+ 39. Kxe3
Bxc5+ 0-1

[Event "Madrid ch Veteranos  2019-2020"]
[Site "Maddrid ESP"]
[Date "2020.01.15"]
[Round "3.36"]
[White "Menendez Domens, Juan Manuel"]
[Black "Ramos Antona, Enrique"]
[Result "1-0"]
[WhiteElo "1439"]
[BlackElo "1493"]
[PlyCount "122"]
[EventDate "2020.01.13"]
[EventType "swiss"]
[EventRounds "9"]
[EventCountry "ESP"]
[SourceTitle "Ajedrez en Madrid"]
[Source "lmi"]
[SourceDate "2020.01.13"]
[SourceVersion "1"]
[SourceVersionDate "2020.01.27"]
[SourceQuality "1"]

1. Nf3 Nf6 2. c4 e6 3. g3 b6 4. Bg2 Bb7 5. O-O Be7 6. Nc3 O-O 7. d4 Ne4 8. Nxe4
Bxe4 9. a3 d5 10. cxd5 Qxd5 11. Bf4 c6 12. Nh4 Bxg2 13. Nxg2 Nd7 14. Qd2 Nf6
15. Ne3 Qh5 16. Qd3 Rac8 17. Rfe1 a5 18. Nc4 Qh3 19. Qf3 Nd5 20. Bd6 Bxd6 21.
Nxd6 Rcd8 22. Ne4 Qh6 23. Rac1 f5 24. Nc3 Rc8 25. Nxd5 cxd5 26. Rc3 Qd2 27.
Rec1 Rxc3 28. Qxc3 Qg5 29. Qc6 Kh8 30. f4 Qf6 31. Qxb6 h5 32. h4 Qg6 33. Kg2
Qg4 34. Qxe6 Rf6 35. Qe8+ Kh7 36. Rc5 Rb6 37. Rb5 Rg6 38. Rb3 Rc6 39. Rc3 Rb6
40. b3 Rb8 41. Qe6 Rb6 42. Qe5 Qg6 43. Qxd5 Rd6 44. Qxa5 Rxd4 45. Rd3 Qc6+ 46.
Kf2 Rxd3 47. Qxf5+ Kg8 48. Qxd3 Qc5+ 49. Qe3 Qxa3 50. Qe8+ Kh7 51. Qxh5+ Kg8
52. Qd5+ Kh7 53. f5 Qa7+ 54. Kf3 Qg1 55. Kg4 Qe3 56. Qd3 Qe5 57. f6+ Kh6 58.
fxg7 Qxg7+ 59. Kh3 Qf7 60. Qe3+ Kg7 61. Qg5+ Kf8 1-0

[Event "Madrid ch Veteranos  2019-2020"]
[Site "Maddrid ESP"]
[Date "2020.01.16"]
[Round "4.1"]
[White "Lopez de Turiso, Jose Angel"]
[Black "Elissalt Cardenas, Hector"]
[Result "1/2-1/2"]
[WhiteElo "1893"]
[BlackElo "2270"]
[PlyCount "76"]
[EventDate "2020.01.13"]
[EventType "swiss"]
[EventRounds "9"]
[EventCountry "ESP"]
[SourceTitle "Ajedrez en Madrid"]
[Source "lmi"]
[SourceDate "2020.01.13"]
[SourceVersion "1"]
[SourceVersionDate "2020.01.27"]
[SourceQuality "1"]

1. Nf3 d6 2. c4 e5 3. Nc3 f5 4. g3 Nf6 5. d4 e4 6. Nh4 g6 7. Bg5 Be7 8. e3 c6
9. Ng2 Be6 10. Nf4 Bf7 11. Be2 Nbd7 12. h4 h5 13. Qc2 Qa5 14. O-O Ng8 15. Bxe7
Nxe7 16. Nh3 Nf6 17. b4 Qc7 18. a4 a6 19. c5 a5 20. cxd6 Qxd6 21. bxa5 Rxa5 22.
Rab1 Ra7 23. Rb2 Ned5 24. Nxd5 Nxd5 25. Rfb1 b6 26. Kg2 O-O 27. Bc4 Rfa8 28.
Bxd5 Bxd5 29. Rxb6 Rxa4 30. Rb8+ Rxb8 31. Rxb8+ Qxb8 32. Qxa4 Qb7 33. Qa3 Qc7
34. Ng5 Kg7 35. Qc5 Qd7 36. Qb6 Qe7 37. Qb8 Bc4 38. Qb6 Bd5 1/2-1/2

[Event "Madrid ch Veteranos  2019-2020"]
[Site "Maddrid ESP"]
[Date "2020.01.16"]
[Round "4.2"]
[White "Garcia Sanz, Eduardo"]
[Black "Campos Calvo-Sotelo, Javier"]
[Result "0-1"]
[WhiteElo "1815"]
[BlackElo "1908"]
[PlyCount "64"]
[EventDate "2020.01.13"]
[EventType "swiss"]
[EventRounds "9"]
[EventCountry "ESP"]
[SourceTitle "Ajedrez en Madrid"]
[Source "lmi"]
[SourceDate "2020.01.13"]
[SourceVersion "1"]
[SourceVersionDate "2020.01.27"]
[SourceQuality "1"]

1. c4 e5 2. d3 Nc6 3. g3 g6 4. Bg2 Bg7 5. Nc3 d6 6. e4 Nge7 7. Nge2 O-O 8. O-O
Be6 9. f4 Qd7 10. Be3 Bh3 11. Rf2 Bxg2 12. Kxg2 f5 13. Qd2 Nd4 14. fxe5 dxe5
15. Bxd4 exd4 16. Nd5 fxe4 17. dxe4 Rxf2+ 18. Kxf2 Rf8+ 19. Kg2 Nxd5 20. cxd5
Qe7 21. Qd3 Qf6 22. Nf4 h6 23. Re1 g5 24. e5 Qd8 25. Qxd4 gxf4 26. gxf4 Qh4 27.
Rf1 Qg4+ 28. Kh1 Qe2 29. Rf2 Bxe5 30. Qxa7 Qd1+ 31. Kg2 Qxd5+ 32. Kh3 Bd4 0-1

[Event "Madrid ch Veteranos  2019-2020"]
[Site "Maddrid ESP"]
[Date "2020.01.16"]
[Round "4.3"]
[White "Sotoca Aguado, Jose"]
[Black "Garcia Martin, Esteban"]
[Result "0-1"]
[WhiteElo "1905"]
[BlackElo "1856"]
[PlyCount "114"]
[EventDate "2020.01.13"]
[EventType "swiss"]
[EventRounds "9"]
[EventCountry "ESP"]
[SourceTitle "Ajedrez en Madrid"]
[Source "lmi"]
[SourceDate "2020.01.13"]
[SourceVersion "1"]
[SourceVersionDate "2020.01.27"]
[SourceQuality "1"]

1. d4 Nf6 2. c4 g6 3. Nc3 Bg7 4. e4 d6 5. f3 O-O 6. Be3 e5 7. d5 a5 8. Nge2
Nbd7 9. Nc1 Nc5 10. Nd3 b6 11. Be2 Nfd7 12. O-O f5 13. Qd2 f4 14. Bxc5 bxc5 15.
Nb5 g5 16. a3 a4 17. Nf2 h5 18. h3 Nf6 19. Qc2 Bh6 20. b4 axb3 21. Qxb3 Kh8 22.
Qd3 Rg8 23. Ng4 hxg4 24. hxg4 Bf8 25. Kf2 Kg7 26. Rh1 Rh8 27. Rxh8 Kxh8 28.
Rh1+ Kg7 29. Qc2 Bd7 30. a4 c6 31. Nc3 Rb8 32. dxc6 Bxc6 33. Nd5 Be8 34. a5
Qxa5 35. g3 Qa3 36. Nxf6 Kxf6 37. gxf4 gxf4 38. Rb1 Rxb1 39. Qxb1 Qa7 40. Qh1
Qg7 41. Qh4+ Kf7 42. Bf1 Be7 43. Qh5+ Kf8 44. Qf5+ Qf7 45. Qc8 Qf6 46. Ke2 Qf7
47. Kd2 Kg7 48. Be2 Qf8 49. Qe6 Bg6 50. Qd7 Qd8 51. Qa7 Kf8 52. Kd3 Be8 53. Bf1
Bc6 54. Be2 Qa8 55. Qb6 Qb7 56. Qa5 Qb3+ 57. Kd2 Qb4+ 0-1

[Event "Madrid ch Veteranos  2019-2020"]
[Site "Maddrid ESP"]
[Date "2020.01.16"]
[Round "4.4"]
[White "Martin Martin, Luis Vicente"]
[Black "Gonzalez Rivera, Eduardo"]
[Result "1/2-1/2"]
[WhiteElo "1985"]
[BlackElo "2024"]
[PlyCount "50"]
[EventDate "2020.01.13"]
[EventType "swiss"]
[EventRounds "9"]
[EventCountry "ESP"]
[SourceTitle "Ajedrez en Madrid"]
[Source "lmi"]
[SourceDate "2020.01.13"]
[SourceVersion "1"]
[SourceVersionDate "2020.01.27"]
[SourceQuality "1"]

1. d4 d5 2. Bf4 Nf6 3. e3 e6 4. Nf3 Bd6 5. Bg3 c5 6. c3 Qc7 7. Ne5 Nbd7 8. f4
Bxe5 9. fxe5 Ne4 10. Qg4 O-O 11. Nd2 f5 12. exf6 Ndxf6 13. Bxc7 Nxg4 14. Nxe4
dxe4 15. Bf4 cxd4 16. cxd4 Bd7 17. Be2 Nf6 18. O-O Rac8 19. Bd6 Rfe8 20. Rac1
Rc6 21. Bb4 Rec8 22. Bd2 Rxc1 23. Rxc1 Rxc1+ 24. Bxc1 Nd5 25. Bd2 Kf7 1/2-1/2

[Event "Madrid ch Veteranos  2019-2020"]
[Site "Maddrid ESP"]
[Date "2020.01.16"]
[Round "4.5"]
[White "Garcia Herranz, Jesus"]
[Black "Alonso Abad, Enrique"]
[Result "1-0"]
[WhiteElo "1853"]
[BlackElo "2002"]
[PlyCount "55"]
[EventDate "2020.01.13"]
[EventType "swiss"]
[EventRounds "9"]
[EventCountry "ESP"]
[SourceTitle "Ajedrez en Madrid"]
[Source "lmi"]
[SourceDate "2020.01.13"]
[SourceVersion "1"]
[SourceVersionDate "2020.01.27"]
[SourceQuality "1"]

1. Nf3 f5 2. d4 Nf6 3. g3 g6 4. Bg2 Bg7 5. c4 O-O 6. O-O d6 7. b3 c6 8. Bb2 Na6
9. e3 Qc7 10. Nbd2 Re8 11. a3 e5 12. dxe5 dxe5 13. b4 Bd7 14. Qc2 Rad8 15. Rad1
Nh5 16. c5 Be6 17. Ng5 Bd5 18. e4 Qe7 19. exd5 Qxg5 20. dxc6 bxc6 21. Nf3 Qe7
22. Qc4+ Kh8 23. Qxa6 e4 24. Nd4 e3 25. Nxc6 Qe6 26. Bxg7+ Nxg7 27. Rxd8 Rxd8
28. Qe2 1-0

[Event "Madrid ch Veteranos  2019-2020"]
[Site "Maddrid ESP"]
[Date "2020.01.16"]
[Round "4.6"]
[White "Lorenzo Bailador, Alfredo"]
[Black "Camarero Izquierdo, Juan Carlos"]
[Result "1/2-1/2"]
[WhiteElo "2019"]
[BlackElo "1807"]
[PlyCount "57"]
[EventDate "2020.01.13"]
[EventType "swiss"]
[EventRounds "9"]
[EventCountry "ESP"]
[SourceTitle "Ajedrez en Madrid"]
[Source "lmi"]
[SourceDate "2020.01.13"]
[SourceVersion "1"]
[SourceVersionDate "2020.01.27"]
[SourceQuality "1"]

1. e4 c5 2. c3 e6 3. d4 d5 4. e5 Nc6 5. Nf3 Nge7 6. Bd3 cxd4 7. cxd4 Bd7 8. Nc3
Nb4 9. Bb1 Rc8 10. Be3 Ng6 11. h4 a6 12. h5 Ne7 13. Qd2 Qc7 14. h6 g6 15. Bg5
Ng8 16. a3 Nc6 17. Qf4 f5 18. Ba2 Na5 19. O-O Nc4 20. Rfc1 Qb8 21. Bxc4 Rxc4
22. Qh4 Rc7 23. Bf6 Nxf6 24. Qxf6 Rg8 25. Qh4 Be7 26. Ng5 Bxg5 27. Qxg5 Qd8 28.
f4 Kf7 29. Ne2 1/2-1/2

[Event "Madrid ch Veteranos  2019-2020"]
[Site "Maddrid ESP"]
[Date "2020.01.16"]
[Round "4.7"]
[White "Pashov, Spas Nikolov"]
[Black "Nuñez Muñoz, Jesus"]
[Result "0-1"]
[WhiteElo "1847"]
[BlackElo "2162"]
[PlyCount "122"]
[EventDate "2020.01.13"]
[EventType "swiss"]
[EventRounds "9"]
[EventCountry "ESP"]
[SourceTitle "Ajedrez en Madrid"]
[Source "lmi"]
[SourceDate "2020.01.13"]
[SourceVersion "1"]
[SourceVersionDate "2020.01.27"]
[SourceQuality "1"]

1. e4 c5 2. Nf3 Nc6 3. d4 cxd4 4. Nxd4 Nf6 5. Nc3 d6 6. Be2 e6 7. O-O Be7 8.
Be3 O-O 9. f3 a6 10. a4 Qc7 11. Nb3 b6 12. Qe1 Bb7 13. Qf2 Nd7 14. Na2 Nc5 15.
Nac1 Rab8 16. c3 Nd7 17. Nd3 Na5 18. Bxb6 Nxb6 19. Nxa5 d5 20. Nxb7 Rxb7 21.
Kh1 dxe4 22. fxe4 a5 23. Rfc1 Bg5 24. Rc2 Rd8 25. Nc5 Ra7 26. Bb5 Be7 27. Nb3
Nd7 28. Rd2 Ne5 29. Rad1 Rf8 30. h3 Raa8 31. Rd7 Nxd7 32. Rxd7 Qe5 33. Rxe7
Qxe4 34. Nc5 Qg6 35. Nd7 Qg5 36. Nxf8 Qxe7 37. Nd7 Rd8 38. Qb6 h6 39. Qd4 e5
40. Qg4 e4 41. Nb6 e3 42. Be2 Qc5 43. Nc4 Re8 44. Qd4 Qg5 45. Qg4 Qd5 46. Qd4
Qg5 47. Kh2 h5 48. g3 Re6 49. Nd6 Qd8 50. Nf5 Qg5 51. Kg2 h4 52. Nxh4 g6 53.
Nf3 Qe7 54. Ne1 Re4 55. Qd3 Rxa4 56. Kf3 Ra2 57. b3 Qb7+ 58. Kxe3 Qxb3 59. Qc4
Qb6+ 60. Qd4 Qe6+ 61. Qe4 Rxe2+ 0-1

[Event "Madrid ch Veteranos  2019-2020"]
[Site "Maddrid ESP"]
[Date "2020.01.16"]
[Round "4.8"]
[White "Pastor Alonso De Prado, Alberto"]
[Black "Viñas Lopez, Carlos"]
[Result "1-0"]
[WhiteElo "2074"]
[BlackElo "1860"]
[PlyCount "55"]
[EventDate "2020.01.13"]
[EventType "swiss"]
[EventRounds "9"]
[EventCountry "ESP"]
[SourceTitle "Ajedrez en Madrid"]
[Source "lmi"]
[SourceDate "2020.01.13"]
[SourceVersion "1"]
[SourceVersionDate "2020.01.27"]
[SourceQuality "1"]

1. e4 e6 2. d4 d5 3. e5 c5 4. c3 Qb6 5. Nf3 Bd7 6. Be2 cxd4 7. cxd4 Bb5 8. Nc3
Bxe2 9. Nxe2 Ne7 10. O-O Nec6 11. h4 Nd7 12. Nf4 Be7 13. Re1 Rc8 14. a3 a5 15.
b3 Qa6 16. Re3 Nb6 17. Nd3 a4 18. Nc5 Qa7 19. Rb1 Nxd4 20. Nxd4 Bxc5 21. Nb5
Qa6 22. Nd6+ Bxd6 23. exd6 axb3 24. Qg4 Rxc1+ 25. Rxc1 Qxa3 26. Rxe6+ Kf8 27.
Re8+ Kxe8 28. Rc8+ 1-0

[Event "Madrid ch Veteranos  2019-2020"]
[Site "Maddrid ESP"]
[Date "2020.01.16"]
[Round "4.9"]
[White "De la Orden Alcocer, Alejandro"]
[Black "Hernandez Recio, Roberto"]
[Result "1-0"]
[WhiteElo "1972"]
[BlackElo "1846"]
[PlyCount "59"]
[EventDate "2020.01.13"]
[EventType "swiss"]
[EventRounds "9"]
[EventCountry "ESP"]
[SourceTitle "Ajedrez en Madrid"]
[Source "lmi"]
[SourceDate "2020.01.13"]
[SourceVersion "1"]
[SourceVersionDate "2020.01.27"]
[SourceQuality "1"]

1. Nf3 c5 2. c4 g6 3. Nc3 Bg7 4. g3 Nc6 5. Bg2 Nf6 6. O-O d5 7. cxd5 Nxd5 8.
Qb3 Nxc3 9. dxc3 Qb6 10. Qc4 Be6 11. Qh4 h6 12. Rd1 Bf6 13. Qa4 Qa5 14. Qe4 Rd8
15. Rxd8+ Qxd8 16. Be3 Qd6 17. Qa4 Bd7 18. Rd1 Qc7 19. Bxc5 O-O 20. Be3 Rd8 21.
Bxh6 Nd4 22. Qb4 a5 23. Qa3 Nc2 24. Qb3 Bf5 25. Rc1 Qd7 26. h4 e5 27. Bg5 Bxg5
28. Nxg5 e4 29. Nxe4 Ne3 30. Nf6+ 1-0

[Event "Madrid ch Veteranos  2019-2020"]
[Site "Maddrid ESP"]
[Date "2020.01.16"]
[Round "4.10"]
[White "Cabañas Bravo, Juan Andres"]
[Black "Lozano Sanchez, Jose Antonio"]
[Result "1/2-1/2"]
[WhiteElo "1947"]
[BlackElo "1812"]
[PlyCount "50"]
[EventDate "2020.01.13"]
[EventType "swiss"]
[EventRounds "9"]
[EventCountry "ESP"]
[SourceTitle "Ajedrez en Madrid"]
[Source "lmi"]
[SourceDate "2020.01.13"]
[SourceVersion "1"]
[SourceVersionDate "2020.01.27"]
[SourceQuality "1"]

1. e4 e5 2. d4 exd4 3. c3 dxc3 4. Bc4 Nc6 5. Nf3 d6 6. Nxc3 Be6 7. Bxe6 fxe6 8.
Qb3 Qc8 9. Ng5 Nd4 10. Qa4+ Nc6 11. Qc4 Ne5 12. Qb3 Nd3+ 13. Ke2 Nc5 14. Qc4
Be7 15. b4 h6 16. Nh3 Nd7 17. Qxe6 Ne5 18. Nf4 Nf6 19. Ncd5 Nxd5 20. exd5 Qxe6
21. Nxe6 Kd7 22. Bb2 Bf6 23. Rhd1 Ng4 24. Rd2 Bxb2 25. Rxb2 Nf6 1/2-1/2